Sumo : The sport and the tradition
A treatment of Japan's national sport from its prehistoric origins to the present, explaining diet, training, holds and throws, rules and rankings. The book's appendices provide vital statistics on the great yokozuna champions and information on the new stadium
Enregistré dans:
| Auteur principal: | |
|---|---|
| Format: | Livre |
| Langue: | Undetermined |
| Publié: |
Tokyo
Charles E. Tuttle
1963
|
| Sujets: | |
| Tags: |
Ajouter un tag
Pas de tags, Soyez le premier à ajouter un tag!
|
| Thư viện lưu trữ: | Trung tâm Học liệu Trường Đại học Cần Thơ |
|---|
| LEADER | 00789nam a2200217Ia 4500 | ||
|---|---|---|---|
| 001 | CTU_107899 | ||
| 008 | 210402s9999 xx 000 0 und d | ||
| 082 | |a 796.8125 | ||
| 082 | |b S245 | ||
| 100 | |a Sargeant, J. A. | ||
| 245 | 0 | |a Sumo : | |
| 245 | 4 | |b The sport and the tradition | |
| 245 | 0 | |c J. A. Sargeant | |
| 260 | |a Tokyo | ||
| 260 | |b Charles E. Tuttle | ||
| 260 | |c 1963 | ||
| 520 | |a A treatment of Japan's national sport from its prehistoric origins to the present, explaining diet, training, holds and throws, rules and rankings. The book's appendices provide vital statistics on the great yokozuna champions and information on the new stadium | ||
| 650 | |a Sumo | ||
| 650 | |z Japan | ||
| 904 | |i Bạch Trúc | ||
| 980 | |a Trung tâm Học liệu Trường Đại học Cần Thơ | ||